Ciencia, tecnología, educación superior, gerencia ambiental e integración: reflexiones
Guardat en:
| Autor principal: | |
|---|---|
| Format: | Llibre |
| Idioma: | espanyol |
| Publicat: |
Bogotá
Solórzano
2000
|
| Matèries: | |
| Etiquetes: |
Afegir etiqueta
Sense etiquetes, Sigues el primer a etiquetar aquest registre!
|
MARC
| LEADER | 00000nam a2200000 a 4500 | ||
|---|---|---|---|
| 001 | UCM0631 | ||
| 003 | CL-VaPUC | ||
| 008 | 020301e20000500CK |||||||||||||||||spa|d | ||
| 082 | 0 | 4 | |a 303.483 |b CAM |2 21 |
| 100 | 0 | |a Campo Cabal, Alvaro |e author |9 467564 | |
| 245 | 1 | 0 | |a Ciencia, tecnología, educación superior, gerencia ambiental e integración: reflexiones |
| 300 | |a 165 p | ||
| 942 | |c BK | ||
| 945 | |d 20020301 00:00:00 |a cmena | ||
| 260 | |a Bogotá |b Solórzano |c 2000 | ||
| 650 | 0 | |a Cambio social |9 256857 | |
| 650 | 7 | |a INNOVACIONES TECNOLOGICAS |2 CL-VaPUC |9 467565 | |
| 650 | 0 | |a Tecnología de la información |9 254825 | |
| 650 | 0 | |a Cooperación internacional |9 255447 | |
| 650 | 0 | |a Gestión ambiental |9 338121 | |
| 650 | 0 | |a Educación superior |9 223851 | |
| 650 | 0 | |a Integración social |9 319662 | |
| 583 | |a last modification |c 20170727 04:37:11 |k Rodrigo Vera | ||
| 999 | |c 299506 |d 299504 | ||
| 952 | |0 0 |1 0 |4 0 |6 303_483000000000000_CAM_2000 |7 0 |8 A |9 356101 |a BIBEDU |b BIBEDU |d 2019-11-21 |i 3656373 |o 303.483 CAM 2000 |p 3656373 |r 2019-11-21 |w 2019-11-21 |y BK |k BME | ||